01032nam a2200265 a 450000100060000000300080000600500170001400800410003103500550007204000320012704100080015908200230016710000420019024500820023226000370031430000310035150400200038265000380040283000190044071001030045983000320056294200120059499900170060695201430062333981BD-RjUL20211209052104.0140512s1967 us 001 0 eng d aCURL 020000332857(Edi) from rgc024a(BD-RjUL)34073 aDLCcDLCdm.cdBD-RjULbeng aeng a909.825bBLD 19671 aBlack, Cyril Edwind1915-1989910327914aThe dynamics of modernization :ba study in comparative history /cC.E. Black aNew York :bHarper & Row,c1967. aviii, 206 p. [10] ;c22 cm aIncludes index. 0aCivilization, Moderny1950-96436 0vTB132191032852 aWoodrow Wilson School of Public and International Affairs.bCenter of International Studies.99882 0aHarper torchbooks ;9103286 2ddccBK c33981d33981 00102ddc40718NFICaRUCLbRUCLcReadingd1968-09-20eZeitlingerg14.00l0o909.825 BLD 1967r2014-05-12 00:00:00tC-1w2014-05-12yBK